شمس العاماء : (Record no. 197303)

MARC details
000 -LEADER
fixed length control field 00667nam a22001937a 4500
005 - DATE AND TIME OF LATEST TRANSACTION
control field 20230821145456.0
010 ## - LCCN (DPL NO)
LC control number UR-12141
020 ## - INTERNATIONAL STANDARD BOOK NUMBER
International Standard Book Number 9789394616558
Terms of availability 350.00
035 ## - SYSTEM CONTROL NUMBER
System control number U-10696
037 ## - SOURCE OF ACQUISITION
Source of stock number/acquisition DBAD/PUB
082 ## - DEWEY DECIMAL CLASSIFICATION NUMBER
Classification number 921
100 ## - MAIN ENTRY--PERSONAL NAME
Personal name شمس کمال انجم
245 ## - TITLE STATEMENT
Title شمس العاماء :
Remainder of title ڈپٹی نذ یر احمد /
Statement of responsibility, etc شمس کمال انجم
246 ## - VARYING FORM OF TITLE
Title proper/short title Shamsul Ulama Deputy Nazeer Ahmed /
Remainder of title by Shams Kamal Anjum
260 ## - PUBLICATION, DISTRIBUTION, ETC. (IMPRINT)
Place of publication, distribution, etc New Delhi
Name of publisher, distributor, etc Educational Publishing House
Date of publication, distribution, etc 2022 ء
270 ## - ADDRESS
Address H.O. D1/16, Ansari Road, Darya Ganj
City New Delhi
Postal code 110002
300 ## - PHYSICAL DESCRIPTION
Extent 184 ص
Dimensions 23cm(Hb)
942 ## - ADDED ENTRY ELEMENTS (KOHA)
Source of classification or shelving scheme Dewey Decimal Classification
Item type Urdu Bks
Call number suffix ش م س
Edition
Classification part 921
Holdings
Withdrawn status Lost status Not for loan Collection code Home library Current library Date acquired Source of acquisition Cost, normal purchase price Full call number Barcode Copy number Cost, replacement price Koha item type
      Non-fiction Kadipur Kadipur 21/08/2023 DBAD/PUB 350.00 921 ش م س U-10696 1 350.00 Urdu Bks

© Delhi Public Library
Hit Counter
free hit counter